Makroregiony fizycznogeograficzne Polski - Quiz na mapie - Statystyki

Ogólne statystyki
  • Ten quiz został rozwiązany 8 633 razy
  • Średni wynik to 24 z 59
Odpowiedzi na mapie
Odpowiedzi zakodowano w zielono-czerwonej skali na mapie do tego quizu, zgodnie z poniższymi procentami.
 
Statystyki odpowiedzi
Odpowiedź % Poprawnych
Pobrzeże Gdańskie
76%
Pobrzeże Koszalińskie
74%
Pobrzeże Szczecińskie
73%
Pojezierze Zachodniopomorskie
56%
Pojezierze Południowopomorskie
53%
Pojezierze Wielkopolskie
53%
Pojezierze Mazurskie
52%
Pojezierze Wschodniopomorskie
52%
Łańcuch Tatrzański
51%
Pojezierze Litewskie
51%
Nizina Północnomazowiecka
50%
Nizina Północnopodlaska
49%
Nizina Południowopodlaska
49%
Nizina Południowowielkopolska
49%
Nizina Środkowomazowiecka
48%
Pojezierze Iławskie
48%
Pradolina Toruńsko-Eberswaldzka
48%
Wyżyna Krakowsko-Częstochowska
46%
Nizina Śląska
45%
Sudety Wschodnie
45%
Kotlina Sandomierska
44%
Pojezierze Lubuskie
44%
Wyżyna Kielecka
44%
Dolina Dolnej Wisły
43%
Sudety Środkowe
43%
Pradolina Warciańsko-Odrzańska
42%
Sudety Zachodnie
42%
Wyżyna Lubelska
42%
Wzniesienia Południowomazowieckie
42%
Brama Krakowska
41%
Pojezierze Chełmińsko-Dobrzyńskie
41%
Wyżyna Śląska
41%
Nizina Staropruska
40%
Roztocze
40%
Kotlina Oświęcimska
39%
Beskidy Lesiste
38%
Przedgórze Sudeckie
37%
Wzniesienia Zielonogórskie
37%
Beskidy Środkowe
36%
Polesie Wołyńskie
35%
Obniżenie Orawsko-Podhalańskie
33%
Beskidy Zachodnie
32%
Kotlina Ostrawska
32%
Nizina Śląsko-Łużycka
32%
Pojezierze Leszczyńskie
32%
Wał Trzebnicki
32%
Polesie Zachodnie
30%
Wyżyna Wołyńska
30%
Wzniesienia Łużyckie
30%
Obniżenie Milicko-Głogowskie
29%
Płaskowyż Sańsko-Dniestrzański
29%
Pogórze Środkowobeskidzkie
29%
Wyżyna Woźnicko-Wieluńska
29%
Niecka Nidziańska
28%
Pogórze Zachodniosudeckie
28%
Pogórze Zachodniobeskidzkie
27%
Obniżenie Dolnołużyckie
26%
Wyżyna Przedborska
25%
Kotlina Pobuża
23%
Nie znaleziono quizów pasujących do podanych kryteriów
Rozkład punktacji
Procent ludzi z każdym wynikiem
Percentyl według liczby udzielonych odpowiedzi
Twoja historia wyników
Nie rozwiązałeś tego quizu